KOHA-Header-6

The Luminous Life of Jawaharlal Nehru (Record no. 8962)

000 -LEADER
fixed length control field 00267nam a2200109Ia 4500
100 ## - MAIN ENTRY--AUTHOR NAME
Personal name Shyam Dua
245 #4 - TITLE STATEMENT
Title The Luminous Life of Jawaharlal Nehru
260 ## - PUBLICATION, DISTRIBUTION, ETC. (IMPRINT)
Place of publication New York
Name of publisher Addison
Year of publication 2001
300 ## - PHYSICAL DESCRIPTION
Number of Pages 974
942 ## - ADDED ENTRY ELEMENTS (KOHA)
Koha item type Books
Holdings
Withdrawn status Lost status Collection code Permanent Location Current Location Shelving location Date acquired Full call number Accession Number Koha item type
    English Literature MAJU MAJU Shelf No.A13 2019-09-14 923.254 4191 English Literature

Powered by Koha